000 00581nam a2200229Ia 4500
003 OSt
005 20220926044703.0
006 a|||||r|||| 00| 0
007 ta
008 220923b |||||||| |||| 00| 0 eng d
037 _cGeneral Book
040 _aRTL
_cRTL
_beng
041 _2eng
_aeng
082 _aX9.4-N5, J8
110 _aSmall First Word
_9349330
245 0 _aSmall Scale Industry in the Far East
260 _c1956
300 _aA-38p
_ccm.
700 _aSmall First Word
_9349331
942 _hX9.4-N5, J8
_cGB
_2CC
999 _c675535
_d675535